000
00205 a2200097 4500
001
29472
100
_a
Brown
245
_a
Guinnes History of air worfar
260
_a
_b
Guinness
_c
090
_c
19653
_d
19653
942
_a
NUST-CAE
_c
M
_c
10728
999
_c
264545
_d
264545